• 首页
  • 本馆介绍
  • 公告通知
  • 最新文献
  • 馆藏检索
  • 电子资源
  • 读者导购
  • 参考咨询
  • 我的图书馆
  • 登录
  • 详细信息显示
  • 放入我的书架
  • 预约/预借图书
  • 作者相关作品
  • 分类相关作品
  • 丛书相关作品
  • 出版社相关作品

书目信息

  • 表格格式
  • 工作单格式
  • 卡片格式
题名:
民谣吉他经典教程
    
 
作者: 刘天礼 , 申健 编著
分册:  
出版信息: 北京   同心出版社  2001
页数: 318页
开本: 26cm
丛书名:
单 册:
中图分类: J623.2
科图分类:
主题词: 器乐--理论 , 器乐--奏法 , 器乐--演奏 , 六弦琴--奏法--教材
电子资源:
ISBN: 7-80593-486-X
000 00682nam0 2200241 45
001 0303241436
005 20031219104107.9
010    @a7-80593-486-X@dCNY32.00
100    @a20030324d2001 km y0chiy0120 ea
101 0  @achi
105    @a z 000yy
200 1  @a民谣吉他经典教程@AMin Yao Ji Ta Jing Dian Jiao Cheng@f刘天礼,申健编著@FLiu Tian Li,Shen Jian Bian Zhu
210    @a北京@c同心出版社@d2001
215    @a318页@d26cm
606 0  @a器乐@x理论
606 0  @a器乐@x奏法
606 0  @a器乐@x演奏
606 0  @a六弦琴@x奏法@x教材
690    @aJ623.2@v4
701  0 @a刘天礼@4编著
701  0 @a申健@4编著
801    @aCN@bTSTC@c20030324
905    @b321262-266@dJ623.2@e112@f5
    
    民谣吉他经典教程/刘天礼,申健编著.-北京:同心出版社,2001
    318页;26cm
    
    
    ISBN 7-80593-486-X:CNY32.00
    
●
相关链接 在E读中查询图书 在五车中查询图书 在当当中查询图书 在豆瓣中查询图书


正题名:民谣吉他经典教程     索取号:J623.2/112         预约/预借

序号 登录号 条形码 馆藏地/架位号 状态 备注
1 0321262   203212629   第一借阅区/ [索取号:J623.2/112] 在馆    
2 0321263   203212638   第一借阅区/ [索取号:J623.2/112] 在馆    
3 0321264   203212647   第一借阅区/ [索取号:J623.2/112] 在馆    
4 0321265   203212656   第一借阅区/ [索取号:J623.2/112] 在馆    
5 0321266   203212665   第一样本阅览室/ [索取号:J623.2/112] 在馆    
唐山师范学院图书馆 欢迎您!
大连网信软件有限公司© 版权所有